000 00341nam a2200133Ia 4500
008 150201s2009 xx 000 0 und d
082 _a616.01
_bM09S
100 _aSHARMA,KAVITA
245 _aMANUAL OF MICROBIOLOGY TOOLS & TECHNIQUES
250 _a2ND
260 _bANE BOOK PUB.
_aDELHI
_c2009
650 _aMICROBIOLOGY
942 _2ddc
_cBK
_017
999 _c922
_d922